[Event "BL 1617 USV TU Dresden - SV Hockenheim"]
[Site "?"]
[Date "2017.05.01"]
[Round "15.7"]
[White "Baramidze, David"]
[Black "Loxine, Jakov"]
[Result "1-0"]
[WhiteElo "2609"]
[BlackElo "2406"]
[PlyCount "129"]
[EventDate "2017.??.??"]

1. d4 Nf6 2. Nf3 g6 3. Nc3 d5 4. Bf4 Bg7 5. e3 O-O 6. Be2 a6 7. Ne5 b5 8. a4 b4
9. Na2 a5 10. Nc1 Ne4 11. O-O f6 12. Ned3 Nd7 13. f3 Nd6 14. e4 dxe4 15. Nc5
Nb6 16. fxe4 e5 17. dxe5 fxe5 18. Bg3 Rxf1+ 19. Qxf1 Qe7 20. b3 Bd7 21. N1d3
Bc6 22. Bf3 Re8 23. Rd1 h5 24. Qe1 Kh8 25. h3 Kg8 26. Kh1 Ba8 27. Bf2 Nbc8 28.
c3 bxc3 29. Qxc3 Na7 30. Qxa5 Nc6 31. Qe1 Nd4 32. Bxd4 exd4 33. Qg3 Kh7 34. a5
Nf7 35. a6 Ne5 36. b4 Bc6 37. Ra1 Qd6 38. Nb7 Bxb7 39. axb7 Rb8 40. Nc5 Qb6 41.
Ra8 Rxb7 42. Nxb7 Qxb7 43. Re8 Qb5 44. Re7 Kh8 45. Bxh5 Qf1+ 46. Kh2 Qf6 47.
Re8+ Kh7 48. Rxe5 Qxe5 49. Bxg6+ Kh6 50. Bf5 d3 51. Qxe5 Bxe5+ 52. g3 d2 53.
Bg4 Kg5 54. b5 Bd4 55. Bd1 Be5 56. h4+ Kg6 57. Kh3 Kf6 58. g4 Bf4 59. g5+ Ke5
60. Kg4 Be3 61. h5 Kxe4 62. h6 Kd5 63. Kh5 Ke6 64. g6 Bd4 65. g7 1-0

[Event "BL 1617 USV TU Dresden - SV Hockenheim"]
[Site "?"]
[Date "2017.05.01"]
[Round "15.8"]
[White "Osmanodja, Filiz"]
[Black "Boguslawski, Oleg"]
[Result "1-0"]
[WhiteElo "2370"]
[BlackElo "2424"]
[PlyCount "105"]
[EventDate "2017.??.??"]

1. e4 e5 2. Nf3 Nc6 3. Bb5 a6 4. Ba4 Nf6 5. O-O Be7 6. Re1 b5 7. Bb3 d6 8. c3
O-O 9. h3 Na5 10. Bc2 c5 11. d4 Nc6 12. d5 Na5 13. b3 Nb7 14. a4 Bd7 15. Nbd2
Qc7 16. Nf1 Rfb8 17. Ne3 g6 18. Nd2 Bf8 19. Bb2 Nh5 20. Kh2 Qd8 21. g3 Bh6 22.
Qe2 Nf4 23. gxf4 Bxf4+ 24. Kh1 Qh4 25. Nf3 Qxh3+ 26. Kg1 Bg4 27. Nxg4 Qxg4+ 28.
Kf1 Qh3+ 29. Kg1 g5 30. Qf1 Qh5 31. Qg2 b4 32. Bc1 Kh8 33. Bd1 Qh6 34. Nh2 bxc3
35. Ng4 Qg6 36. Bxf4 gxf4 37. Qh3 Na5 38. Kh2 Nxb3 39. Bxb3 Rxb3 40. Qh4 Rg8
41. Rg1 Qg5 42. Qh3 Rg6 43. Rac1 Rb2 44. Kh1 Re2 45. Nh2 Qh6 46. Qf3 Ra2 47.
Rxg6 hxg6 48. Rxc3 Rxa4 49. Qg4 Ra1+ 50. Kg2 Kg7 51. Rh3 f3+ 52. Nxf3 Qf4 53.
Qc8 1-0

[Event "BL 1718 SV Mülheim Nord - SV Hockenhei"]
[Site "?"]
[Date "2017.10.23"]
[Round "1.1"]
[White "Howell, David W L"]
[Black "Fridman, Daniel"]
[Result "1/2-1/2"]
[WhiteElo "2698"]
[BlackElo "2626"]
[PlyCount "43"]
[EventDate "2017.??.??"]

1. Nf3 d5 2. g3 Nf6 3. Bg2 c5 4. c4 d4 5. b4 e6 6. O-O cxb4 7. a3 Nc6 8. d3 a5
9. axb4 Bxb4 10. Ba3 Bd7 11. Bxb4 axb4 12. Nbd2 O-O 13. Ne1 Qe7 14. Nc2 e5 15.
Nb3 Bg4 16. Qd2 Nd7 17. Rxa8 Rxa8 18. Ra1 Rb8 19. Ra4 Nb6 20. Ra1 Nd7 21. Ra4
Nb6 22. Ra1 1/2-1/2

[Event "BL 1718 SV Mülheim Nord - SV Hockenhei"]
[Site "?"]
[Date "2017.10.23"]
[Round "1.2"]
[White "Zelbel, Patrick"]
[Black "Sasikiran, Krishnan"]
[Result "0-1"]
[WhiteElo "2458"]
[BlackElo "2677"]
[PlyCount "120"]
[EventDate "2017.??.??"]

1. e4 c5 2. c3 d5 3. exd5 Qxd5 4. Nf3 g6 5. Na3 Bg7 6. Bc4 Qe4+ 7. Be2 Nf6 8.
d4 O-O 9. O-O Nc6 10. dxc5 Rd8 11. Qc2 Qd5 12. Rd1 Qxc5 13. Be3 Qa5 14. Rxd8+
Nxd8 15. Nc4 Qc7 16. Qa4 Bd7 17. Qa5 Qxa5 18. Nxa5 b6 19. Nc4 Nd5 20. Bd4 f6
21. Ne3 Nf4 22. Bc4+ Kf8 23. Nc2 Rc8 24. Ba6 Rc7 25. Rd1 Nfe6 26. Nb4 Ba4 27.
b3 Be8 28. c4 Rd7 29. Bb5 Rd6 30. Bxe8 Kxe8 31. Nd5 Nc6 32. Bc3 Nf4 33. Rd2
Nxd5 34. cxd5 Nb8 35. Bb4 Rd7 36. d6 e5 37. Rc2 Na6 38. Ba3 Bf8 39. Rc6 Rd8 40.
g4 Kd7 41. Rc2 Bxd6 42. Bxd6 Kxd6 43. g5 Rf8 44. Rc4 Nc5 45. Rh4 fxg5 46. Nxg5
h5 47. Rh3 Rf4 48. Kf1 a5 49. Rg3 h4 50. Rg1 Kd5 51. Ke2 a4 52. Nf3 axb3 53.
axb3 Nxb3 54. Rxg6 b5 55. Rb6 Kc5 56. Rb8 Nd4+ 57. Nxd4 exd4 58. f3 Kc4 59.
Rc8+ Kb3 60. Kd3 b4 0-1

[Event "BL 1718 SV Mülheim Nord - SV Hockenhei"]
[Site "?"]
[Date "2017.10.23"]
[Round "1.3"]
[White "Balogh, Csaba"]
[Black "Hausrath, Daniel"]
[Result "1/2-1/2"]
[WhiteElo "2634"]
[BlackElo "2484"]
[PlyCount "105"]
[EventDate "2017.??.??"]

1. e4 c5 2. Nf3 g6 3. c3 Bg7 4. d4 cxd4 5. cxd4 d5 6. e5 Nh6 7. h3 O-O 8. Nc3
Nc6 9. Bb5 f6 10. Bxc6 bxc6 11. exf6 exf6 12. O-O g5 13. Re1 Bf5 14. Bd2 Re8
15. Na4 Be4 16. Nc5 Nf5 17. Bc3 Nd6 18. Nd2 Bg6 19. Rxe8+ Qxe8 20. Qf1 Nb5 21.
Ndb3 Qf7 22. Re1 Re8 23. Na5 Bf8 24. Nxc6 Nxc3 25. bxc3 Qc7 26. Nb4 Bxc5 27.
dxc5 Qxc5 28. Rxe8+ Bxe8 29. Qd3 Bf7 30. Qd4 Qb6 31. f4 gxf4 32. Qxb6 axb6 33.
Kf2 Kf8 34. Kf3 Ke7 35. Kxf4 Kd6 36. Kf5 Bg6+ 37. Kxf6 Kc5 38. a3 d4 39. cxd4+
Kxd4 40. g4 Kc4 41. Ke5 Kb3 42. Nd5 b5 43. Kd4 Kxa3 44. Kc5 Bf7 45. Nb4 Ka4 46.
g5 Be8 47. Nd5 Ka5 48. h4 Bf7 49. Nb4 Ka4 50. Nc6 Be8 51. Nb4 Bf7 52. Nc2 Be8
53. Nb4 1/2-1/2

[Event "BL 1718 SV Mülheim Nord - SV Hockenhei"]
[Site "?"]
[Date "2017.10.23"]
[Round "1.4"]
[White "Saltaev, Mihail"]
[Black "Wagner, Dennis"]
[Result "1/2-1/2"]
[WhiteElo "2477"]
[BlackElo "2564"]
[PlyCount "85"]
[EventDate "2017.??.??"]

1. e4 e5 2. Nf3 Nc6 3. Bb5 a6 4. Ba4 Nf6 5. O-O Be7 6. d3 b5 7. Bb3 d6 8. a3
O-O 9. Nc3 Bg4 10. Be3 Nd4 11. Bxd4 exd4 12. Nd5 Nd7 13. h3 Bxf3 14. Qxf3 a5
15. c3 dxc3 16. bxc3 a4 17. Ba2 c6 18. Nxe7+ Qxe7 19. d4 Nb6 20. Qd3 Rac8 21.
d5 Nc4 22. Bxc4 bxc4 23. Qxc4 cxd5 24. Qxd5 Rxc3 25. Rfd1 g6 26. Rd4 Qc7 27.
Qxd6 Qxd6 28. Rxd6 Rfc8 29. Ra2 Rc1+ 30. Kh2 R8c2 31. Rxc2 Rxc2 32. Rd4 Rxf2
33. Kg3 Rc2 34. Rxa4 Kg7 35. Ra6 g5 36. Kf3 h5 37. e5 Rc3+ 38. Ke4 Rg3 39. Kf5
Rxg2 40. Ra7 Re2 41. a4 g4 42. hxg4 hxg4 43. Kxg4 1/2-1/2

[Event "BL 1718 SV Mülheim Nord - SV Hockenhei"]
[Site "?"]
[Date "2017.10.23"]
[Round "1.5"]
[White "Saric, Ivan"]
[Black "Vrolijk, Liam"]
[Result "1-0"]
[WhiteElo "2662"]
[BlackElo "2422"]
[PlyCount "59"]
[EventDate "2017.??.??"]

1. e4 e6 2. d4 d5 3. Nc3 Nf6 4. Bg5 Be7 5. e5 Nfd7 6. h4 h6 7. Bxe7 Qxe7 8. f4
a6 9. Nf3 c5 10. g4 Nc6 11. Qd2 b5 12. Ne2 Bb7 13. c3 cxd4 14. cxd4 Rc8 15. Rc1
Nb6 16. b3 Qb4 17. f5 Qxd2+ 18. Kxd2 Ne7 19. Bh3 O-O 20. f6 gxf6 21. exf6 Rxc1
22. Rxc1 Nec8 23. g5 Nd6 24. Ne5 Rc8 25. Rg1 Ne4+ 26. Ke3 hxg5 27. hxg5 Kf8 28.
Rh1 Rc2 29. Bg4 Kg8 30. g6 1-0

[Event "BL 1718 SV Mülheim Nord - SV Hockenhei"]
[Site "?"]
[Date "2017.10.23"]
[Round "1.6"]
[White "Warmerdam, Max"]
[Black "Buhmann, Rainer"]
[Result "0-1"]
[WhiteElo "2380"]
[BlackElo "2564"]
[PlyCount "80"]
[EventDate "2017.??.??"]

1. e4 e6 2. d4 d5 3. Nc3 Bb4 4. e5 c5 5. a3 Bxc3+ 6. bxc3 Ne7 7. a4 Qc7 8. Nf3
h6 9. Bd3 b6 10. a5 Ba6 11. Bxa6 Nxa6 12. Qd3 Qc8 13. Qb5+ Nc6 14. axb6 axb6
15. Qxb6 cxd4 16. cxd4 Nab4 17. Rxa8 Qxa8 18. O-O O-O 19. Qc5 Qa4 20. c3 Nd3
21. Qd6 Rd8 22. Qc7 Ra8 23. Be3 Qc4 24. Rb1 Ncxe5 25. Qxc4 Nxc4 26. Ne1 Nxe1
27. Rxe1 Ra2 28. Rc1 g5 29. Kf1 f5 30. Re1 Rc2 31. h4 Rxc3 32. hxg5 Nxe3+ 33.
fxe3 hxg5 34. Kf2 Kf7 35. Rh1 Kg6 36. g3 Rc2+ 37. Kf3 e5 38. g4 e4+ 39. Kg3 f4+
40. exf4 Rc3+ 0-1

[Event "BL 1718 SV Mülheim Nord - SV Hockenhei"]
[Site "?"]
[Date "2017.10.23"]
[Round "1.7"]
[White "Baramidze, David"]
[Black "Dinstuhl, Volkmar"]
[Result "1-0"]
[WhiteElo "2610"]
[BlackElo "2393"]
[PlyCount "49"]
[EventDate "2017.??.??"]

1. Nf3 d5 2. g3 g6 3. Bg2 Bg7 4. O-O Nc6 5. d4 e6 6. c3 Nge7 7. Bf4 h6 8. h4 b6
9. Nbd2 O-O 10. Re1 a5 11. Qc2 Bb7 12. Rad1 Nb8 13. e4 Nd7 14. c4 c5 15. exd5
exd5 16. dxc5 Nxc5 17. Be5 d4 18. Bxg7 Kxg7 19. Nxd4 Bxg2 20. Qc3 Kg8 21. Kxg2
Na4 22. Qe3 Nxb2 23. Rb1 Na4 24. N2f3 Ra7 25. Qxh6 1-0

[Event "BL 1718 SV Mülheim Nord - SV Hockenhei"]
[Site "?"]
[Date "2017.10.23"]
[Round "1.8"]
[White "Rezasade, Amir"]
[Black "Braun, Arik"]
[Result "0-1"]
[WhiteElo "2344"]
[BlackElo "2574"]
[PlyCount "94"]
[EventDate "2017.??.??"]

1. c4 c5 2. Nc3 Nc6 3. Nf3 g6 4. e3 Nf6 5. d4 cxd4 6. exd4 d5 7. cxd5 Nxd5 8.
Qb3 Nxc3 9. Bc4 e6 10. bxc3 Bg7 11. Bg5 Qc7 12. O-O O-O 13. Be2 b6 14. Rfd1 Bb7
15. Rac1 Rac8 16. c4 Rfe8 17. Qe3 Ne7 18. Bf4 Nf5 19. Qd2 Qd7 20. Ne5 Qa4 21.
g4 Ne7 22. Rc3 Red8 23. Rh3 Qe8 24. Qe3 Nc6 25. Nxc6 Qxc6 26. f3 Rd7 27. Be5 f6
28. Bg3 Ba6 29. d5 Qc5 30. Qxc5 bxc5 31. dxe6 Rxd1+ 32. Bxd1 Re8 33. Be2 Rxe6
34. Kf1 Bf8 35. Bf2 Bc8 36. Bd3 Ra6 37. Be4 Rxa2 38. Bd5+ Kg7 39. Be3 h5 40.
Rh4 Be7 41. Rh3 a5 42. Rg3 h4 43. Rg2 Ra1+ 44. Ke2 a4 45. Kd3 Ra3+ 46. Ke2 Ra2+
47. Kf1 Rxg2 0-1

[Event "BL 1718 Werder Bremen - SV Hofheim"]
[Site "?"]
[Date "2017.10.23"]
[Round "1.1"]
[White "Schroeder, Jan-Christian"]
[Black "Areshchenko, Alexander"]
[Result "1/2-1/2"]
[WhiteElo "2552"]
[BlackElo "2645"]
[PlyCount "62"]
[EventDate "2017.??.??"]

1. e4 c5 2. Nf3 d6 3. d4 cxd4 4. Nxd4 Nf6 5. Nc3 a6 6. Be3 e5 7. Nb3 Be6 8. f3
h5 9. Qd2 Nbd7 10. Nd5 Bxd5 11. exd5 g6 12. O-O-O Nb6 13. Kb1 Nfxd5 14. Bg5 Be7
15. Bxe7 Nxe7 16. Qxd6 Qxd6 17. Rxd6 Na4 18. Na5 Rb8 19. Bd3 h4 20. Re1 Rh5 21.
Nc4 Nc6 22. Be4 Ne7 23. f4 exf4 24. Rxg6 Nc3+ 25. bxc3 Rb5+ 26. Kc1 fxg6 27.
Nd6+ Kd8 28. Nxb5 axb5 29. Kb2 Kc7 30. Bf3 Nc6 31. Re6 Rg8 1/2-1/2

[Event "BL 1718 Werder Bremen - SV Hofheim"]
[Site "?"]
[Date "2017.10.23"]
[Round "1.2"]
[White "Fressinet, Laurent"]
[Black "Savchenko, Stanislav"]
[Result "1-0"]
[WhiteElo "2657"]
[BlackElo "2477"]
[PlyCount "63"]
[EventDate "2017.??.??"]

1. d4 d5 2. c4 c6 3. Nc3 Nf6 4. e3 a6 5. Nf3 e6 6. c5 b6 7. cxb6 Nbd7 8. Bd3 c5
9. O-O Bb7 10. b3 Bd6 11. Na4 cxd4 12. exd4 Bc6 13. Bg5 Qb8 14. Nc5 Qxb6 15.
Rc1 Bb5 16. Bxf6 Nxf6 17. Ne5 Bxe5 18. dxe5 Nd7 19. Bxb5 axb5 20. Nxd7 Kxd7 21.
Qh5 g6 22. Qf3 Rhf8 23. Rc2 Rac8 24. Rxc8 Kxc8 25. a4 b4 26. Rc1+ Kb8 27. h4 h5
28. Qf4 d4 29. Rc4 Rd8 30. Qd2 Ka8 31. Rxb4 Qc7 32. Rxd4 1-0

[Event "BL 1718 Werder Bremen - SV Hofheim"]
[Site "?"]
[Date "2017.10.23"]
[Round "1.3"]
[White "Ginsburg, Gennadi"]
[Black "McShane, Luke J"]
[Result "0-1"]
[WhiteElo "2443"]
[BlackElo "2647"]
[PlyCount "52"]
[EventDate "2017.??.??"]

1. e4 e5 2. Nf3 Nc6 3. Bb5 Nf6 4. Nc3 Nd4 5. Ba4 c6 6. d3 Bc5 7. Nxd4 Bxd4 8.
O-O O-O 9. Ne2 Bb6 10. Bg5 h6 11. Bd2 d5 12. Ng3 dxe4 13. dxe4 Ng4 14. Nh1 Qh4
15. h3 Nf6 16. Bb4 Rd8 17. Qf3 Nxe4 18. Rad1 Ng5 19. Rxd8+ Bxd8 20. Qa3 Bxh3
21. gxh3 Nxh3+ 22. Kg2 Nf4+ 23. Kg1 Bb6 24. Bd2 Qg4+ 25. Ng3 Rd8 26. Bc1 Rd3
0-1

[Event "BL 1718 Werder Bremen - SV Hofheim"]
[Site "?"]
[Date "2017.10.23"]
[Round "1.4"]
[White "Edouard, Romain"]
[Black "Perske, Thore"]
[Result "1-0"]
[WhiteElo "2607"]
[BlackElo "2443"]
[PlyCount "105"]
[EventDate "2017.??.??"]

1. d4 Nf6 2. c4 g6 3. Nc3 Bg7 4. e4 d6 5. Nge2 O-O 6. Ng3 Nbd7 7. Bd3 h5 8. h3
e5 9. d5 h4 10. Nge2 Nh5 11. O-O Bf6 12. Qd2 a5 13. Bc2 Nb6 14. b3 Nf4 15. Nxf4
exf4 16. f3 Be5 17. Rb1 a4 18. Nd1 axb3 19. axb3 Qf6 20. Nf2 Ra2 21. Qd3 Bd7
22. b4 Rfa8 23. Bb3 Ra1 24. Bd2 R1a3 25. c5 Na4 26. c6 bxc6 27. dxc6 Be6 28.
Ng4 Bxg4 29. fxg4 Nb6 30. Be3 Nc8 31. b5 Kg7 32. Bc1 Ra1 33. g5 Qxg5 34. Bxf4
Qxf4 35. Rxf4 Bxf4 36. Rf1 Nb6 37. Qf3 g5 38. g3 hxg3 39. h4 f6 40. Qh5 Rxf1+
41. Kxf1 d5 42. exd5 Rh8 43. Qe2 Be5 44. h5 Nc8 45. Qg4 Nd6 46. Qd7+ Kh6 47.
Bc2 Bf4 48. b6 cxb6 49. c7 f5 50. Bxf5 Kxh5 51. Qg7 Rh6 52. c8=Q Nxc8 53. Bxc8
1-0

[Event "BL 1718 Werder Bremen - SV Hofheim"]
[Site "?"]
[Date "2017.10.23"]
[Round "1.5"]
[White "Lobzhanidze, Davit"]
[Black "Hracek, Zbynek"]
[Result "1/2-1/2"]
[WhiteElo "2432"]
[BlackElo "2610"]
[PlyCount "77"]
[EventDate "2017.??.??"]

1. e4 c5 2. Nf3 d6 3. Bb5+ Bd7 4. c4 Nf6 5. Nc3 g6 6. O-O Bg7 7. d4 cxd4 8.
Nxd4 O-O 9. Bxd7 Nbxd7 10. b3 a6 11. Re1 Rc8 12. Bb2 e6 13. Nf3 Qb6 14. Qd2
Rfd8 15. Rad1 Ne5 16. Nxe5 dxe5 17. Qe2 Qc6 18. Rxd8+ Rxd8 19. h3 Bf8 20. Qf3
Be7 21. Nd1 Nxe4 22. Bxe5 f5 23. Nc3 Nc5 24. Qxc6 bxc6 25. Rd1 Rxd1+ 26. Nxd1
Nd3 27. Bb2 e5 28. Kf1 e4 29. f3 exf3 30. gxf3 Kf7 31. Bd4 Ke6 32. Be3 Ke5 33.
Nf2 Nb4 34. a4 g5 35. Ke2 h5 36. Bc1 Ke6 37. Bd2 Nc2 38. Kd3 Nb4+ 39. Ke2
1/2-1/2

[Event "BL 1718 Werder Bremen - SV Hofheim"]
[Site "?"]
[Date "2017.10.23"]
[Round "1.6"]
[White "Spoelman, Wouter"]
[Black "Gurevich, Vladimir"]
[Result "1-0"]
[WhiteElo "2586"]
[BlackElo "2475"]
[PlyCount "109"]
[EventDate "2017.??.??"]

1. c4 e5 2. Nc3 Nf6 3. Nf3 Nc6 4. e3 Bb4 5. Qc2 Bxc3 6. Qxc3 Qe7 7. b3 d5 8. d4
exd4 9. Nxd4 Nxd4 10. Qxd4 c5 11. Qf4 Nh5 12. Qf3 Qe5 13. Rb1 Qf5 14. Rb2 Qxf3
15. gxf3 Be6 16. Rg1 dxc4 17. bxc4 b6 18. Be2 g6 19. Kd2 Ke7 20. a4 f5 21. a5
Rhb8 22. Kc3 Nf6 23. Bd2 Nd7 24. Ra1 Rc8 25. f4 Rab8 26. Kc2 Rc7 27. Bc3 Rd8
28. Ra4 Bf7 29. Bg7 Be8 30. Ra1 Rb8 31. axb6 axb6 32. Ra6 Bf7 33. Kc3 Rbb7 34.
Bf3 Ra7 35. Rba2 Rxa6 36. Rxa6 Be6 37. Be5 Rc8 38. Ra7 h6 39. h4 Rg8 40. Bc6
Rc8 41. Bb5 Rg8 42. f3 Rc8 43. Bc7 Nf6 44. Be5+ Nd7 45. e4 Rg8 46. Bc6 Rc8 47.
Bb5 Rg8 48. Kd2 g5 49. fxg5 hxg5 50. h5 Kf7 51. Ke1 Rd8 52. Bc7 Rc8 53. Bxb6
Ke7 54. e5 f4 55. Bc7 1-0

[Event "BL 1718 Werder Bremen - SV Hofheim"]
[Site "?"]
[Date "2017.10.23"]
[Round "1.7"]
[White "Margolin, Boris"]
[Black "Babula, Vlastimil"]
[Result "1/2-1/2"]
[WhiteElo "2376"]
[BlackElo "2556"]
[PlyCount "40"]
[EventDate "2017.??.??"]

1. e4 c5 2. c3 d5 3. exd5 Qxd5 4. d4 Nf6 5. Nf3 e6 6. Be3 Be7 7. Bd3 O-O 8. O-O
Rd8 9. Qe2 Nc6 10. Nbd2 b6 11. Bc4 Qh5 12. dxc5 Bxc5 13. Bxc5 Qxc5 14. Nb3 Qe7
15. Rad1 Bb7 16. Ba6 Bxa6 17. Qxa6 Nd5 18. Rfe1 h6 19. Qe2 Qf6 20. Qe4 Rac8
1/2-1/2

[Event "BL 1718 Werder Bremen - SV Hofheim"]
[Site "?"]
[Date "2017.10.23"]
[Round "1.8"]
[White "Koop, Thorben"]
[Black "Zude, Arno"]
[Result "1/2-1/2"]
[WhiteElo "2370"]
[BlackElo "2370"]
[PlyCount "110"]
[EventDate "2017.??.??"]

1. Nf3 d5 2. c4 e6 3. g3 Nf6 4. Bg2 dxc4 5. Qa4+ Bd7 6. Qxc4 c5 7. Ne5 Qc8 8.
Qd3 Nc6 9. Nxd7 Nxd7 10. Qb5 Nd4 11. Qa4 Be7 12. Nc3 O-O 13. O-O Rd8 14. d3 Ne5
15. Re1 a6 16. Bf4 Ng6 17. Bd2 Ra7 18. Rac1 b6 19. b4 c4 20. dxc4 Qxc4 21. e3
Nf5 22. Nd5 Qb5 23. Nxe7+ Nfxe7 24. Qxb5 axb5 25. Bc3 Rxa2 26. Red1 Rc8 27. Bd4
Rxc1 28. Rxc1 Ra4 29. Rb1 Nd5 30. Bxd5 exd5 31. Rc1 h6 32. Rc8+ Kh7 33. Rc7 Kg8
34. Rc8+ Kh7 35. Rc7 Kg8 36. h4 f6 37. f4 Rxb4 38. h5 Nf8 39. Bxb6 Rc4 40. Rb7
Ne6 41. Rd7 Rc6 42. Ba5 Ra6 43. Be1 Ra3 44. Kf2 Nc5 45. Rd8+ Kh7 46. Rxd5 Nd3+
47. Ke2 Nxe1 48. Kxe1 Rxe3+ 49. Kf2 Rb3 50. Rd8 Rc3 51. f5 b4 52. Rb8 b3 53. g4
Rc2+ 54. Kg3 b2 55. Kh3 Rd2 1/2-1/2

[Event "BL 1718 OSG Baden Baden - Schwäbisch H"]
[Site "?"]
[Date "2017.10.23"]
[Round "1.2"]
[White "Anand, Viswanathan"]
[Black "Li, Chao"]
[Result "1/2-1/2"]
[WhiteElo "2783"]
[BlackElo "2739"]
[PlyCount "116"]
[EventDate "2017.??.??"]

1. e4 e5 2. Nf3 Nf6 3. Nxe5 d6 4. Nf3 Nxe4 5. d4 d5 6. Bd3 Bf5 7. O-O Be7 8.
Re1 O-O 9. c4 Nc6 10. cxd5 Qxd5 11. Nc3 Nxc3 12. bxc3 Rae8 13. Bf4 Bd8 14. c4
Qd7 15. Bxf5 Qxf5 16. Qd2 Na5 17. Rec1 Re4 18. Be3 c5 19. Rab1 Nxc4 20. Rxc4
Rxe3 21. fxe3 Qxb1+ 22. Rc1 Qe4 23. Rxc5 Bb6 24. Rc3 Re8 25. Qc2 Qxc2 26. Rxc2
f6 27. Kf2 Kf7 28. Ke2 Ke6 29. Kd3 Kd7 30. Rb2 Rb8 31. Nd2 Bc7 32. Ne4 Bd6 33.
a4 f5 34. Nxd6 Kxd6 35. g4 fxg4 36. e4 b6 37. e5+ Kd5 38. Rb5+ Ke6 39. Ke4 Rc8
40. a5 Rc2 41. axb6 axb6 42. Rxb6+ Kf7 43. Kf5 Rf2+ 44. Kxg4 Rxh2 45. d5 Rd2
46. Rb7+ Kg6 47. Rb6+ Kf7 48. Rb7+ Kg6 49. Rd7 h5+ 50. Kg3 Re2 51. Re7 Rd2 52.
Rd7 Re2 53. Re7 Rd2 54. d6 Kf5 55. d7 h4+ 56. Kh3 g5 57. e6 g4+ 58. Kxh4 Rd3
1/2-1/2

[Event "BL 1718 OSG Baden Baden - Schwäbisch H"]
[Site "?"]
[Date "2017.10.23"]
[Round "1.3"]
[White "Jakovenko, Dmitry"]
[Black "Svidler, Peter"]
[Result "1-0"]
[WhiteElo "2710"]
[BlackElo "2760"]
[PlyCount "103"]
[EventDate "2017.??.??"]

1. e4 e5 2. Nf3 Nc6 3. Bc4 Bc5 4. d3 Nf6 5. O-O d6 6. c3 a5 7. Re1 h6 8. Nbd2
O-O 9. Nf1 Be6 10. Bb5 Ne7 11. d4 Ba7 12. dxe5 Ng4 13. Be3 Nxe5 14. Bxa7 Rxa7
15. Nd4 N7g6 16. Ne3 Bd7 17. Bf1 a4 18. g3 Ne7 19. f4 N5c6 20. Nb5 Ra5 21. c4
Nb8 22. Qd2 Ra8 23. Rad1 Re8 24. Bg2 Bc6 25. e5 Nc8 26. exd6 Nxd6 27. Nxd6 Qxd6
28. Qxd6 cxd6 29. Nf5 Rxe1+ 30. Rxe1 Ra6 31. Rd1 Rb6 32. Rd2 Na6 33. Nxd6 Nc5
34. Nc8 Rb4 35. Ne7+ Kf8 36. Bxc6 Kxe7 37. Bb5 a3 38. bxa3 Rb1+ 39. Kg2 Rc1 40.
a4 b6 41. a5 bxa5 42. Rd5 Rc2+ 43. Kf3 Ne6 44. f5 Ng5+ 45. Ke3 Rxa2 46. c5 Ra3+
47. Kd4 Ra1 48. c6 Rd1+ 49. Kc4 Rc1+ 50. Kb3 Ne4 51. Kb2 Rb1+ 52. Kc2 1-0

[Event "BL 1718 OSG Baden Baden - Schwäbisch H"]
[Site "?"]
[Date "2017.10.23"]
[Round "1.4"]
[White "Wojtaszek, Radoslaw"]
[Black "Laznicka, Viktor"]
[Result "1/2-1/2"]
[WhiteElo "2737"]
[BlackElo "2654"]
[PlyCount "61"]
[EventDate "2017.??.??"]

1. d4 d5 2. c4 dxc4 3. e4 Nf6 4. e5 Nd5 5. Bxc4 Nb6 6. Bd3 Nc6 7. Ne2 Bg4 8.
Be3 Qd7 9. Nbc3 O-O-O 10. O-O Nxe5 11. Bb5 Nc6 12. Rc1 a6 13. Bxc6 Qxc6 14. f3
Bf5 15. Bf4 Rd7 16. d5 Qg6 17. Qd4 e5 18. Bxe5 Bd6 19. Bxd6 Rxd6 20. Ng3 Kb8
21. Nge4 Bxe4 22. fxe4 f6 23. Ne2 Re8 24. Qc3 Nxd5 25. exd5 Rxe2 26. Qxc7+ Ka8
27. Qc8+ Ka7 28. Qc5+ Ka8 29. Qc8+ Ka7 30. Qc5+ Ka8 31. Qc8+ 1/2-1/2

[Event "BL 1718 OSG Baden Baden - Schwäbisch H"]
[Site "?"]
[Date "2017.10.23"]
[Round "1.6"]
[White "Bacrot, Etienne"]
[Black "Michalik, Peter"]
[Result "1-0"]
[WhiteElo "2723"]
[BlackElo "2546"]
[PlyCount "61"]
[EventDate "2017.??.??"]

1. e4 e5 2. Nf3 Nc6 3. Bb5 a6 4. Ba4 Nf6 5. O-O Be7 6. d3 b5 7. Bb3 d6 8. a3
O-O 9. Nc3 Bg4 10. Be3 Qd7 11. h3 Be6 12. Nd5 Bd8 13. a4 b4 14. Qd2 Bxd5 15.
exd5 Ne7 16. Qxb4 Nexd5 17. Qb7 Nxe3 18. Qxa8 Nxf1 19. Kxf1 c6 20. Qxa6 Bc7 21.
a5 Bb8 22. Ba4 Rc8 23. Ra3 Nd5 24. Rb3 Ne7 25. Qb7 Qd8 26. a6 h6 27. g3 g6 28.
Kg2 Kf8 29. a7 Bxa7 30. Qxa7 Ra8 31. Qe3 1-0

[Event "BL 1718 OSG Baden Baden - Schwäbisch H"]
[Site "?"]
[Date "2017.10.23"]
[Round "1.7"]
[White "Womacka, Mathias"]
[Black "Naiditsch, Arkadij"]
[Result "0-1"]
[WhiteElo "2434"]
[BlackElo "2702"]
[PlyCount "78"]
[EventDate "2017.??.??"]

1. e4 e5 2. Nf3 Nc6 3. Bb5 a6 4. Bxc6 dxc6 5. O-O f6 6. d4 Bg4 7. c3 Qe7 8.
dxe5 fxe5 9. Bg5 Nf6 10. Qd3 Rd8 11. Qe3 h6 12. Bh4 g5 13. Bg3 Nd7 14. Nbd2 Bg7
15. Nc4 O-O 16. Nfd2 Nc5 17. f3 Bc8 18. Rfd1 g4 19. Nb3 Nxb3 20. axb3 Rxd1+ 21.
Rxd1 gxf3 22. gxf3 b5 23. Na5 Qf6 24. Rd3 h5 25. h4 Bh6 26. Qc5 Bf4 27. Bxf4
Qxf4 28. Nxc6 Qc1+ 29. Kf2 Qc2+ 30. Ke3 Rxf3+ 31. Kxf3 Bg4+ 32. Kg3 Qxd3+ 33.
Kf2 Qe2+ 34. Kg3 Qd3+ 35. Kf2 Qd2+ 36. Kg3 Qf4+ 37. Kg2 Bf3+ 38. Kf1 Bxe4+ 39.
Ke1 Qxh4+ 0-1

[Event "BL 1718 OSG Baden Baden - Schwäbisch H"]
[Site "?"]
[Date "2017.10.23"]
[Round "1.8"]
[White "Kasimdzhanov, Rustam"]
[Black "Zpevak, Pavel"]
[Result "1-0"]
[WhiteElo "2676"]
[BlackElo "2342"]
[PlyCount "115"]
[EventDate "2017.??.??"]

1. d4 Nf6 2. c4 e6 3. Nf3 b6 4. g3 Ba6 5. Qa4 c6 6. Nc3 b5 7. cxb5 cxb5 8. Nxb5
Qb6 9. Nc3 Nc6 10. Bg2 Bb4 11. O-O O-O 12. Re1 Rac8 13. e4 d5 14. exd5 Nxd5 15.
Bd2 Bd3 16. Rac1 Bd6 17. Nxd5 exd5 18. Bc3 Be4 19. Ng5 Bxg2 20. Kxg2 Be7 21.
Nf3 Bf6 22. Rc2 Rb8 23. Re3 h6 24. Rd3 Ne7 25. Re2 Nc6 26. Bd2 Qb5 27. Qxb5
Rxb5 28. Bc3 Rc8 29. Rde3 Rbb8 30. a3 a5 31. Rd3 a4 32. Ne1 Kh7 33. Nc2 Rb3 34.
Rf3 Kg6 35. h4 h5 36. Kf1 Rb5 37. Rd3 Rb3 38. Ne3 Rd8 39. Rc2 Ne7 40. Ng2 Kh7
41. Nf4 g6 42. Ba5 Ra8 43. Bb4 Rxd3 44. Nxd3 Nf5 45. Rc7 Kg8 46. Rd7 Nxd4 47.
Bc3 Kg7 48. Rxd5 Ne6 49. Ne5 Rc8 50. Ke2 Nc5 51. Ke3 Rc7 52. Rd6 g5 53. hxg5
Bxg5+ 54. f4 Bf6 55. f5 Nb3 56. Kf4 Nc1 57. Rxf6 Ne2+ 58. Ke4 1-0

[Event "BL 1718 SP Schwegenheim - SF Deizisau"]
[Site "?"]
[Date "2017.10.23"]
[Round "1.2"]
[White "Shytaj, Luca"]
[Black "Bluebaum, Matthias"]
[Result "1/2-1/2"]
[WhiteElo "2465"]
[BlackElo "2643"]
[PlyCount "125"]
[EventDate "2017.??.??"]

1. b3 d5 2. Bb2 Bf5 3. e3 e6 4. f4 Nf6 5. Nf3 h6 6. h3 Be7 7. g4 Ne4 8. Rg1
Bh4+ 9. Ke2 Bf6 10. Qc1 Bh7 11. d3 Bxb2 12. Qxb2 Qf6 13. Ne5 Nd6 14. Nd2 Qe7
15. Nef3 f6 16. Kf2 c5 17. Re1 Nc6 18. c4 Nb4 19. Qb1 dxc4 20. bxc4 e5 21. f5
O-O-O 22. d4 Nf7 23. Ne4 Na6 24. Bg2 cxd4 25. exd4 exd4 26. Neg5 Qd7 27. Ne6 d3
28. Nxd8 Rxd8 29. Qb5 Qc7 30. Re8 Nc5 31. Rxd8+ Kxd8 32. Re1 Nd6 33. Qb2 Nce4+
34. Kg1 Bg8 35. Qd4 Nc5 36. Nd2 Kc8 37. Nb3 b6 38. Nd2 Bf7 39. Kh1 h5 40. Re3
hxg4 41. hxg4 Qd8 42. Qf4 Nxc4 43. Nxc4 Bxc4 44. Qxc4 d2 45. Bf3 d1=Q+ 46. Bxd1
Qxd1+ 47. Kg2 Qd7 48. Qe2 Qd5+ 49. Kg3 Qd6+ 50. Kh3 Kd7 51. Qf3 Qd4 52. Re2 Qc4
53. Qe3 Kc6 54. Kg3 Kb7 55. Qf3+ Ka6 56. Re3 Qd4 57. Qe2+ b5 58. Qf3 Kb6 59.
Qf4 Qd1 60. Kg2 Qd5+ 61. Kg3 Qd1 62. Qf2 Qd6+ 63. Qf4 1/2-1/2